| 000 | 00671cam a2200169 4500 | ||
|---|---|---|---|
| 001 | WB3537-26 | ||
| 008 | 000000n1999 000 0 eng u | ||
| 035 | _a(Sirsi) u102773 | ||
| 245 | _aBest value "one-stop shop" website launched. | ||
| 260 | _c1999 | ||
| 490 |
_aDETR News Release _v(898) 13 September 1999 (1) |
||
| 520 | _aThe DETR has launched its Best Value website, which claims to be a 'one-stop shop' for all the current material on best value. The website is available on http://www.local-regions.detr.gov.uk/bestvalue/ | ||
| 650 | _aProcurement-old | ||
| 650 | _aINTERNET | ||
| 690 | _aMANAGEMENT-BUSINESS MANAGEMENT-INFORMATION MANAGEMENT | ||
| 942 | _n0 | ||
| 999 |
_c61750 _d61750 |
||